000 02163cam a22004454i 4500
003 PE-LiUPU
005 20250731172717.0
008 150617s1930 ag r 000 0 spa d
035 _a(Sirsi) a10791
040 _aPE-LiUPU
_bspa
_cPE-LiUPU
_dPE-LiUPU
_erda
049 _aPRUA
082 0 4 _a240
_bM95
_221
100 1 _aMurray, Andrew,
_eautor.
245 1 0 _aPermaneced en Cristo :
_bmeditaciones sobre la bendita vida de comunión con el hijo de Dios /
_cAndrew Murray.
264 1 _aBuenos Aires :
_bKidd - Reconquista,
_c1930.
300 _a197 páginas ;
_c18 centímetros.
336 _atext
_2rdacontent
337 _aunmediated
_2rdamedia
338 _avolume
_2rdacarrier
490 0 _aLibros clie
505 0 _aTodos los que habéis acudido a Él -- Y hallaréis descanso para vuestra alma -- Confiando en que Él os guardará -- Como el pámpano en la vid -- Así como vinisteis en El por la fe -- El mismo Dios os ha unido a Él -- Como vuestra sabiduría -- Como vuestra justicia -- Como vuestra satisfacción -- Como vuestra redención -- El crucificado -- Dios mismo os afirmará en El -- En todo momento -- Día por Día -- En este momento -- Abandonando todo por amor de El -- Por medio del Espíritu Santo -- En quietud de alma -- En la aflicción y en la prueba -- Para que llevéis mucho fruto -- Así tendréis poder en la plegaria -- Y en su amor -- Como Cristo permanece en el padre -- Obedeciendo sus mandamientos -- Para que vuestro gozo sea cumplido -- Y en amor a los hermanos -- Para que no pequéis.
526 _aSEG42
526 _aSEG41
526 _aSEG40
526 _aSEG39
526 _aP94
526 _aP87
526 _aP86
526 _aP85
526 _aP77
526 _aP76
526 _aP35
650 0 4 _aVida cristiana
_xMeditaciones.
_2lemb
910 _ajck
_bjvq
_cjck
_d20150616
942 _2ddc
_cBOOK
994 _aC0
_bPEPRU
596 _a1
999 _a240 M95
_wDEWEY
_c874
_i00038
_f2021-11-10
_g5
_lCCODEBUL1
_mBUL
_p23.00
_r0
_sY
_tBOOK
_u2015-4-21
_xTEOLOGIA
_PP35
_0COMPRA
_o.STAFF. Colección Teología
_d874
980 _81
_gALBERTO SANCHEZ Responsable de Automatización